Kindergedichten voor de school. (Record no. 5319)
[ view plain ]
| 000 -LEADER | |
|---|---|
| fixed length control field | 00543cam a22002051 4500 |
| 001 - CONTROL NUMBER | |
| control field | af 48002939 |
| 003 - CONTROL NUMBER IDENTIFIER | |
| control field | DLC |
| 005 - DATE AND TIME OF LATEST TRANSACTION | |
| control field | 20260227110859.0 |
| 008 - FIXED-LENGTH DATA ELEMENTS--GENERAL INFORMATION | |
| fixed length control field | 890614s1942 ne 000 0 dut c |
| 010 ## - LIBRARY OF CONGRESS CONTROL NUMBER | |
| LC control number | af 48002939 |
| 035 ## - SYSTEM CONTROL NUMBER | |
| System control number | (OCoLC)19869014 |
| 040 ## - CATALOGING SOURCE | |
| Original cataloging agency | California. Univ. Libr. |
| Transcribing agency | CU |
| Modifying agency | DLC |
| 042 ## - AUTHENTICATION CODE | |
| Authentication code | premarc |
| 050 00 - LIBRARY OF CONGRESS CALL NUMBER | |
| Classification number | PZ14.3 |
| Item number | .K7 |
| 100 1# - MAIN ENTRY--PERSONAL NAME | |
| Personal name | Krekel, Kris. |
| 245 10 - TITLE STATEMENT | |
| Title | Kindergedichten voor de school. |
| 260 ## - PUBLICATION, DISTRIBUTION, ETC. | |
| Place of publication, distribution, etc. | [Steenbrugge, |
| Name of publisher, distributor, etc. | A.-J. Witteryck, |
| Date of publication, distribution, etc. | 1942] |
| 300 ## - PHYSICAL DESCRIPTION | |
| Extent | 47 p. |
| Dimensions | 18 cm. |
| 650 #0 - SUBJECT ADDED ENTRY--TOPICAL TERM | |
| Topical term or geographic name entry element | Children's poetry, Dutch. |
No items available.